000 00907nam a22002057a 4500
001 EIF-II-1995-M2-009
003 OSt
005 20230104122819.0
008 230104b |||||||| |||| 00| 0 eng d
040 _aFundación Jesús Pereda
_cFundación Jesús Pereda
041 _aCastellano
100 _aGómez Roda, José Alberto
_983
111 _aEncuentro de Investigadores del Franquismo
_c(Alicante.
_d1995.
_n2º)
_992
245 _aLa primera jefatura provincial de FET-JONS de Valencia,
_f1939-1943
_c/José Alberto Gómez Roda
610 0 _9306
_aFalange Española Tradicionalista y de las Juntas de Ofensiva Nacional Sindicalista (FET y de las JONS)
651 0 _9144
_aValencia
773 _tActas del II Encuentro de Investigadores del Franquismo. Tomo 1
_g127-134 p.
856 _uhttps://bibliotecaccoocyl.fundacionjesuspereda.es/cgi-bin/koha/opac-retrieve-file.pl?id=17a12a96ec218ca84da2c3d82cf6c19c
942 _2ddc
_cCF
_n0
999 _c772
_d772